000 01293nam a2200361 c 4500
999 _c170992
_d170992
003 BLK
005 20220221135837.0
008 180411b bul|||||r ||||||| ||bul||
010 _aKNG00179225000
040 _aBLK
041 _aBUL
_cBUL
072 7 _2bullib
_aК
_xКраезнание
072 7 _2bullib
_aЯ
_xАвтографи
080 _aФорми на предприятията в зависимост от отношението към собствеността...
_b334.72
_x(497.215)(035)
_z334.72(497.215)(035)
139 _aКой какъв е в Русе и региона
_bК 75
245 1 0 _aКой какъв е в Русе и региона
_bИнформационно-рекламен справочник 1994
257 _aBGR
260 _bПарнас
_c1994
_fРусе : Дунав прес
300 _a131 с.
_c24 см
380 _a3
650 4 _aФирми - Русе
_9263271
653 _aРусе
653 _aсправочници
653 _aфирми
653 _aтелефонни указатели
659 _aК
659 _aЯ
852 _aЦб 177090
852 _aК 334/К 75
856 4 _qpdf
856 4 _qpdf
942 _cKNG
_n0
_s1
944 _aCR
_c07.08.2015
_kВаля_Йорданова
944 _aED
_c07.08.2015
_kВаля_Йорданова
999 _d170992